000 01001nac a22003377a 4500
001 BR0705599
003 BR-BrBNA
005 20240105123509.0
008 230509b bl.|||m| |||| 00| 0 por d
040 _aBR-BrBNA
_bpor
_cBiblioteca Nacional de Agricultura
072 _aH20
090 _a0710 BR0705599
100 1 _aBoneti, J.I.S.
100 1 _aKatsurayama, Y.
100 1 _aMaria, R.
100 1 _aSanhueza, V.
110 1 _aEMBRAPA Uva e Vinho, Bento Gonçalves, RS (Brasil)
245 1 _aManejo da sarna na produção integrada de maçã
260 3 _aBento Gonçalves, RS (Brasil):
_c2001.
300 _a20 p.
490 _aCircular Técnica - EMBRAPA Uva e Vinho (Brazil)
_vno. 30
_xISSN 1516-5914
500 _a8 illus.; 35 ref.
650 _aMAÇÃ
650 _aSARNA DE PLANTA
650 _aFUNGO
650 _aFUNGICIDA
650 _aPRÁTICA CULTURAL
650 _aCONTROLE QUÍMICO
909 _a202312
_bLúcia Elande
_c55
_dLúcia Elande
942 _2AGRIS
_n0
_cMS
999 _c295726
_d295726